Statistiques concernant Les pays traversés par l'équateur

Cliquez ici pour prendre le quiz!

Statistiques générales

  • Ce quiz a été pris 86 fois
  • Le résultat moyen est 8 sur 11

Statistiques - réponses

Pays% Correct
Equateur
99%
Brésil
96%
République Démocratique du Congo
91%
Congo
86%
Indonésie
84%
Colombie
76%
Kenya
71%
Gabon
60%
Ouganda
50%
Somalie
49%
Sao-Tomé et Principe
24%

Distribution des résultats

Percentile par nombre de réponses

% des personnes avec chaque résultat

Votre développement - résultats

Vous n’avez pas pris ce quiz